| 000 | 00620cam a2200157 4500 | ||
|---|---|---|---|
| 001 | ABS61115 | ||
| 008 | 000000n1999 000 0 eng u | ||
| 035 | _a(Sirsi) u101678 | ||
| 100 | _aBaldwin, F. | ||
| 245 | 4 | _aThe NPLG and the residential e-revolution. | |
| 260 | _c1999 | ||
| 490 |
_aProperty Systems Review _v(10) Summer 1999, 8-10(3) |
||
| 520 | _aExamines the effects of the agreement, signed by Property Intelligence to develop the National Land and Property Gazetteer, on the emerging electronic residential property market. | ||
| 690 | _aMANAGEMENT-BUSINESS MANAGEMENT-INFORMATION MANAGEMENT | ||
| 942 | _n0 | ||
| 999 |
_c60803 _d60803 |
||